| 000 | 00586cam a22002291 4500 | ||
|---|---|---|---|
| 001 | sa 67005674 | ||
| 003 | DLC | ||
| 005 | 20260227112359.0 | ||
| 008 | 890622s1963 ii b 000 0 hino | ||
| 010 | _asa 67005674 | ||
| 035 | _a(OCoLC)19913945 | ||
| 040 |
_aDLC _cWaU _dDLC |
||
| 042 | _apremarc | ||
| 050 | 0 | 0 |
_aLA2383.I6 _bC48 |
| 100 | 1 |
_aChaube, Sarayu Prasad, _d1919- |
|
| 245 | 1 | 0 | _aBhārata ke kucha śikshā-dārśanika. |
| 260 | _c1963. | ||
| 300 |
_a7, 312 p. _c23 cm. |
||
| 500 | _aIn Hindi. | ||
| 504 | _aBibliography: p. [294]-309. | ||
| 650 | 0 | _aEducators, Indic. | |
| 999 |
_c75358 _d75358 |
||